Statistiques concernant Joueurs de l'Olympique de Marseille 2023/2024

Cliquez ici pour prendre le quiz!

Statistiques générales

  • Ce quiz a été pris 182 fois
  • Le résultat moyen est 21 sur 27

Statistiques - réponses

HintRéponse% Correct
GPAU LÓPEZ
96%
DCCHANCEL MBEMBA
95%
MC-MDCJORDAN VERETOUT
95%
MC-MDCVALENTIN RONGIER
95%
DLD-DLGJONATHAN CLAUSS
94%
AT-BUPIERRE-EMERICK AUBAMEYANG
93%
DCSAMUEL GIGOT
91%
DCLEONARDO BALERDI
90%
MC-MOC-AG-ADAMINE HARIT
89%
AT-BUVITINHA
89%
AT-AG-AD-MOCISMAÏLA SARR
83%
DG-DDRENAN LODI
83%
Coach 1MARCELINO
82%
BU-AT-MOC-AG-ADILIMAN NDIAYE
80%
GRUBÉN BLANCO
80%
Coach 3GENNARO GATTUSO
79%
MC-MOCAZZEDINE OUNAHI
78%
MC-MDCGEOFFREY KONDOGBIA
78%
AT-AG-AD-MOCJOAQUÍN CORREA
67%
DG-DDAMIR MURILLO
66%
DCBAMO MEÏTÉ
60%
MD-MG-AD-AGFRANÇOIS MUGHE
60%
MC-MDCPAPE GUEYE
56%
DG-DD-MC-MDCEMRAN SOGLO
55%
MCBILAL NADIR
53%
Coach 2JACQUES ABARDONADO
46%
GSIMON NGAPANDOUETNBU
41%

Distribution des résultats

Percentile par nombre de réponses

% des personnes avec chaque résultat

Votre développement - résultats

Vous n’avez pas pris ce quiz